Daily Country Riddle #147 - Statistics

General Stats
  • This quiz has been taken 134 times
  • The average score is 10 of 11
Answer Stats
Type Answer % Correct
Found Letter A
100%
Found Letter N
99%
Correctly Placed Letter A
96%
Found Letter A
90%
Found Letter H
90%
Correctly Placed Letter H
89%
Correctly Placed Letter N
89%
Correctly Placed Letter A
88%
Correctly Placed Letter G
88%
Found Letter G
88%
Mystery Country Ghana
86%
No matching quizzes found
Score Distribution
Percent of People with Each Score
Percentile by Number Answered
Your Score History
You have not taken this quiz